Detalles MARC
| 000 -ENCABEZADO |
| Número de control [NR] |
04523nam a22003857i 4500 |
| 001 - NÚMERO DE CONTROL |
| control field |
B-12134 |
| 003 - IDENTIFICADOR DE CONTROL NÚMERO |
| control field |
CO-BoFNCP |
| 007 - CAMPO DESCRIPCIÓN FÍSICA FIJA - INFORMACIÓN GENERAL |
| fixed length control field |
t|| |
| 008 - DE LONGITUD FIJA DE DATOS DE ELEMENTOS - INFORMACIÓN GENERAL |
| Elementos de longitud fija [NR] |
090806s2009 ck r spa d |
| 040 ## - FUENTE DE CATALOGACION [NR] |
| Agencia de catalogación original [NR] |
CO-BoFNCP |
| Idioma de catalogación [NR] |
Español |
| Quien Cataloga |
CO-BoFNCP |
| Convenciones de la descripción [NR] |
rda |
| 041 ## - CODIGO DE IDIOMA [R] |
| Código de idioma para texto/pista de sonido o título separado [R] |
Español |
| 043 ## - CODIGO DE AREA GEOGRAFICA [NR] |
| Código de área geográfica [R] |
ck |
| 084 ## - OTRO NUMERO DE CLASIFICACION [R] |
| Número clasificador [R] |
A- |
| 100 1# - ASIENTO PRINCIPAL--NOMBRE PERSONAL [NR] |
| Nombre personal [NR] |
García N., Jesús A. |
| ID Autoridad |
37117, |
| Término relacionador [R] |
autor. |
| Relator code |
aut |
| 245 10 - MENCION DE TITULO [NR] |
| Título [NR] |
Eficiencia de recuperación del aceite en función de la configuración geométrica y del tiempo de residencia en equipos preclarificadores. |
| 246 2# - FORMA VARIANTE DEL TITULO [R] |
| Título propiamente dicho/forma breve del título [NR] |
Oil recuperation efficiency depending on geometric configuration and of time spent In preclarifying equipment |
| 264 #4 - PRODUCCIÓN, PUBLICACIÓN, DISTRIBUCIÓN, FABRICACIÓN Y COPYRIGHT |
| Fecha de producción, publicación, distribución, fabricación o copyright |
©2009 |
| 300 ## - DESCRIPCION FISICA [R] |
| Extensión [R] |
páginas 39-48 : |
| Otros detalles físicos [NR] |
Tablas, gráficos. |
| 336 ## - TIPO DE CONTENIDO |
| Término de tipo de contenido |
texto |
| Código de tipo de contenido |
txt |
| Fuente |
rdacontent |
| 337 ## - TIPO DE MEDIO |
| Nombre/término del tipo de medio |
sin mediación |
| Código del tipo de medio |
n |
| Fuente |
rdamedia |
| 338 ## - TIPO DE SOPORTE |
| Nombre/término del tipo de soporte |
volumen |
| Código del tipo de soporte |
nc |
| Fuente |
rdacarrier |
| 500 ## - NOTA GENERAL [R] |
| Nota general [NR] |
Contiene resumen en español e inglés. |
| 504 ## - NOTA DE BIBLIOGRAFIA, ETC. [R] |
| Nota de bibliografía, etc. [NR] |
Incluye referencias bibliográficas. |
| 520 ## - NOTA DE RESUMEN, ETC. [R] |
| Nota de sumario, etc. [NR] |
Este artículo muestra los resultados de la eficiencia de separación del aceite crudo de palma en equipos tipo preclarificadores, mediante una separación por decantación estática en dos equipos piloto con un volumen de separación de 3 m3 cada uno y con diferente área transversal, operados a tiempos de residencia (tr) del licor de prensa de 17, 24, 40 y 60 minutos instalados en la planta de beneficio de Aceites Manuelita S.A. (San Carlos de Guaroa - Meta). Los resultados del estudio permiten concluir que en el intervalo de tr estudiado se logra recuperar desde el 55 hasta el 80% en aceite y se incrementa la calidad del producto final obtenido con una disminución de 0,4 puntos en ácidos grasos libres (agl). Las diferencias encontradas al comparar los dos equipos piloto, con distinta relación geométrica en las dimensiones largo (L) y ancho (a), para todos los tiempos de residencia evaluados, indican que el equipo preclarificador con una relación L:a igual a 5:1 presentó diferencias significativamente superiores en la eficiencia en recuperación de aceite, para todos los tiempos de residencia evaluados. A pesar de que el tamaño de estos equipos piloto no fue diseñado para la capacidad de procesamiento de la planta de Manuelita, se encontró en el experimento una optimización en el proceso de beneficio del fruto al ampliarse la capacidad de la planta de 2,40 a 2,57 m3 en volumen/t rff-hora (racimos de fruta fresca por hora) y reducirse en 18% el tiempo de operación de las centrífugas deslodadoras. Estos resultados demuestran que el uso de los preclarificadores son una alternativa para optimizar la recuperación del aceite, mejorar su calidad y disminuir los costos de operación. Además, son eficientes cuando se trata de aumentar la capacidad de la etapa de clarificación en las plantas de beneficio. |
| 520 ## - NOTA DE RESUMEN, ETC. [R] |
| Nota de sumario, etc. [NR] |
This study, carried out in the palm oil mill of Aceites Manuelita S.A. (San Carlos de Guaroa - Meta, Colombia) shows the results of the efficiency of diluted crude palm oil separation in two pilot static clarifier tanks (named preclarifier). Each tank had the same total volume of 3 m3, but different length: wide ratio (L:w) of 5:1 and 2:1. The pre clarifiers were tested by using four residence time of the diluted crude palm oil of 17, 24, 40 and 60 minutes. The results showed that by using the pre-clarifiers was possible to recover oil from 55 to 80% and to improve the oil quality due to the decreasing of 0.4 percentages on free fatty acids. For all the residence time evaluated, the efficiency of the oil recovering was better in the pre-clarifier which had a L:w ratio of 5:1 compared with the one that had a L:w of 2:1. Instead of the fact that the two pilot pre-clarifiers were not designed for the size of the palm oil mill, it was found an increasing of the oil palm extraction capacity from 2.40 to 2.57 m3 in volume / t ffb (fresh fruit bunches) hours. There was also a reduction in operating time of 18% of the sludge separator. These results shows that the use of pre-clarifier tanks in a palm oil mill is a good alternative to optimize the oil recovering, to reduce operation costs, and to increase the oil extraction capacity. |
| 650 #0 - ASIENTO SECUNDARIO DE MATERIA - TERMINO TEMATICO [R] |
| Término temático o nombre geográfico como elemento de entrada [NR] |
Aceite de palma |
| 9 (RLIN) |
29635. |
| 650 #0 - ASIENTO SECUNDARIO DE MATERIA - TERMINO TEMATICO [R] |
| Término temático o nombre geográfico como elemento de entrada [NR] |
Clarificación. |
| 9 (RLIN) |
6028 |
| 650 #0 - ASIENTO SECUNDARIO DE MATERIA - TERMINO TEMATICO [R] |
| Término temático o nombre geográfico como elemento de entrada [NR] |
Tiempo de residencia |
| 9 (RLIN) |
36043. |
| 650 #0 - ASIENTO SECUNDARIO DE MATERIA - TERMINO TEMATICO [R] |
| Término temático o nombre geográfico como elemento de entrada [NR] |
Palma de aceite |
| 9 (RLIN) |
37678. |
| 700 1# - ASIENTO SECUNDARIO - NOMBRE PERSONAL [R] |
| Nombre personal [NR] |
Nieto, Diego I. |
| 9 (RLIN) |
41872. |
| 700 1# - ASIENTO SECUNDARIO - NOMBRE PERSONAL [R] |
| Nombre personal [NR] |
Rincón M., Sandra M. |
| 9 (RLIN) |
38787. |
| 773 0# - ASIENTO DEL ITEM FUENTE [R] |
| Asiento principal [NR] |
Palmas (Colombia) |
| Información sobre la relación [R] |
v. 30, no. 1 (2009), p.39-48 |
| Número de control del registro [R] |
A- |
| Número Internacional Normalizado para Publicaciones Seriadas - ISSN [NR] |
0121-2923 |
| 942 ## - ELEMENTOS DE ENTRADA AGREGADOS (KOHA) |
| Sistema de clasificación |
Local |
| Tipo de ítem principal el descrito en 300a |
Artículo |
| 999 ## - NÚMEROS DE SISTEMAS DE CONTROL (KOHA) |
| Koha biblionumber |
26551 |